| 000 | 00496cam a2200193ua 4500 | ||
|---|---|---|---|
| 001 | 11472 | ||
| 008 | 200220n ii |||gr||||Z||||||asm | ||
| 020 | _a9788193154724 | ||
| 040 | _cMAIN | ||
| 082 | _a891.2 | ||
| 100 |
_aMalinee Goswami, _eAuthor. |
||
| 245 |
_aSanskrtayan _cBy Malinee Goswami |
||
| 250 | _a2nd ed. | ||
| 260 |
_arajgarh: _bOlympia Prakashan, _c2016. |
||
| 300 | _a302p. | ||
| 653 | _aEast Indo-European & Celtic literatures | ||
| 653 | _aSanskrit literature | ||
| 942 | _cBK | ||
| 999 |
_c10305 _d10305 |
||